00491pam a2200193 a 450000100070000000500170000700800410002401000170006502000320008204000180011404100080013208000170014008200210015710000070017810100080018524500610019350400300025474000130028447904920180227070112.0840427s1984 maua b 001 0 eng  a 84009328  a0201083728 (pbk.) :c$19.95 aDLCcDLCdDLC aeng a001.6424 WIN00a001.6424 WIN2191 a28 aSHK10aLISP /cPatrick Henry Winston, Berthold Klaus Paul Horn. aBibliography: p. 397-416.0 aL.I.S.P.